Statistics for Elden Ring Main Boss Subtitles

Click here to take the quiz!

General Stats

  • This quiz has been taken 75 times
  • The average score is 13 of 16

Answer Stats

HintAnswer% Correct
Red Wolf __of Radagon
96%
Margit, __the Fell Omen
96%
Godrick, __the Grafted
95%
Renalla, __Queen of the Full Moon
93%
Malenia, __Blade of Miquella
89%
Mohg, __Lord of Blood
89%
__ RadahnStarscourge
88%
Maliketh, __the Black Blade
88%
Godfrey, __First Elden Lord
86%
Horah Loux, __Warrior
86%
Morgott, __the Omen King
84%
__ Tree SentinelDraconic
79%
Radagon, __of The Golden Order
74%
Loretta, __Knight of the Haligtree
70%
Astel, __Naturalborn of the Void
68%
Rykard, __Lord of Blasphemy
67%

Score Distribution

Percentile by Number Answered

Percent of People with Each Score

Your Score History

You have not taken this quiz